Main̲ ne k̲h̲vābon̲ kā shajar dekhā hai / (Record no. 330197)

000 -LEADER
fixed length control field 01426cam a22003257i 4500
001 - CONTROL NUMBER
control field 17323365
003 - CONTROL NUMBER IDENTIFIER
control field NUST
005 - DATE AND TIME OF LATEST TRANSACTION
control field 20170613122429.0
008 - FIXED-LENGTH DATA ELEMENTS--GENERAL INFORMATION
fixed length control field 120530s2010 pk 000 0 urd
010 ## - LIBRARY OF CONGRESS CONTROL NUMBER
LC control number 2012431020
025 ## - OVERSEAS ACQUISITION NUMBER
Overseas acquisition number P-U-2012431020; 10
040 ## - CATALOGING SOURCE
Original cataloging agency DLC
Transcribing agency DLC
042 ## - AUTHENTICATION CODE
Authentication code lcode
050 00 - LIBRARY OF CONGRESS CALL NUMBER
Classification number MLCMA 2012/00001 (P)
066 ## - CHARACTER SETS PRESENT
Alternate G0 or G1 character set (3
-- (4
082 ## - DEWEY DECIMAL CLASSIFICATION NUMBER
Classification number 891.4393
Author Mark AHM
100 1# - MAIN ENTRY--PERSONAL NAME
Linkage 880-01
Personal name Aḥmad, ʻUmairah,
Dates associated with a name 1976-
9 (RLIN) 738
245 10 - TITLE STATEMENT
Linkage 880-02
Title Main̲ ne k̲h̲vābon̲ kā shajar dekhā hai /
Statement of responsibility, etc. ʻUmairah Aḥmad.
246 1# - VARYING FORM OF TITLE
Display text Title on t.p. verso:
Title proper/short title Main ne khabon ka shajar dekha hai
250 ## - EDITION STATEMENT
Linkage 880-03
Edition statement Tarmīm va iz̤āfah shudah aiḍīshan
260 ## - PUBLICATION, DISTRIBUTION, ETC.
Linkage 880-04
Place of publication, distribution, etc. Lāhore :
Name of publisher, distributor, etc. ʻIlm o ʻIrfān Pablisharz :
-- Milne [kā ptah], Kitāb Ghar,
Date of publication, distribution, etc. 2010.
300 ## - PHYSICAL DESCRIPTION
Extent 208 p. ;
Dimensions 24 cm.
500 ## - GENERAL NOTE
General note Novel.
500 ## - GENERAL NOTE
General note In Urdu.
880 1# - ALTERNATE GRAPHIC REPRESENTATION
Linkage 100-01/(3/r‏
Title ‏احمد، عميره،‏
d ‏1976-
880 10 - ALTERNATE GRAPHIC REPRESENTATION
Linkage 245-02/(3/r‏
Title ‏ميں نے خوابوں کا شجر ديکھا هے /‏
c ‏عميره احمد.
880 ## - ALTERNATE GRAPHIC REPRESENTATION
Linkage 250-03/(3/r‏
Title ‏ترميم و اضافه شده ايڈيشن
880 ## - ALTERNATE GRAPHIC REPRESENTATION
Linkage 260-04/(3/r‏
Title ‏لاهور :‏
b ‏علم و عرفان پبلشرز :‏
-- ‏ملنے [کا پته]، کتاب گھر،‏
c ‏‫2010‬.
906 ## - LOCAL DATA ELEMENT F, LDF (RLIN)
a 7
b cbc
c origode
d 4
e ncip
f 20
g y-nonroman
942 ## - ADDED ENTRY ELEMENTS (KOHA)
Source of classification or shelving scheme
Koha item type Book
Holdings
Withdrawn status Lost status Source of classification or shelving scheme Damaged status Not for loan Collection code Permanent Location Current Location Shelving location Date acquired Total Checkouts Total Renewals Full call number Barcode Date last seen Date last checked out Copy number Price effective from Koha item type
            Central Library (CL) Central Library (CL) Fiction 06/13/2017 11 6 891.4393 AHM CL2209 01/26/2026 11/26/2025 1 06/13/2017 Book
© 2023 Central Library, National University of Sciences and Technology. All Rights Reserved.